MDQL
is popping MORE tags! Check the
thread
!
Quizzes
Events
Quiz Creation
Community
Videos
Private Events
Remove Ads
Sign In
Join for FREE
Feedback
Dark Mode
Quiz Categories
Sports
Geography
Music
Movies
Television
Just For Fun
Miscellaneous
History
Literature
Language
Science
Gaming
Entertainment
Religion
Holiday
For Kids
Quiz Lab
Recent
Popular Today
Quiz Kudos Today
Editor Picks
Curator Picks
Quizzes by...
Day
Popularity
Type
Ratings
Length
Year
Community
Subscriptions
Recent Discussions
Orange Saloon
Badges
Playlists
Quests
Create
Leaderboards
Showdown
Live 5
Trivia Bingo
Activity
Puzzle Library
Sporcle Events
Private Events
Virtual Trivia
Globe League
Become a Host
Pub Owners
SporcleCon
Opinionation
Our Games
Videos
Blog
Mobile Apps
Partnerships
Remove Ads and Go Orange
Feedback
Sports
Athletes
MLB
NBA
NHL
NFL
Soccer
Sports Teams
WWE
NCAA
Football
Premier League
Basketball
Baseball
Hockey
Golf
Tennis
Cricket
Rugby
Auto Racing
Olympics
World Cup
Sports
Athletes
MLB
NBA
NHL
NFL
Soccer
Sports Teams
WWE
NCAA
Football
Premier League
Basketball
Baseball
Hockey
Golf
Tennis
Cricket
Rugby
Auto Racing
Olympics
World Cup
Random Quiz
Search Sporcle
×
Quiz Lab
Quiz Lab
Sports
Football
Type in answers that appear in a list
Type in answers that appear in a list
Classic
Best Score? Go Orange.
Largest NCAA Stadiums Stats
Can you name the largest NCAA football stadiums by capacity?
By
pauliedoodle
8m
25 Questions
966 Plays
966 Plays
966 Plays
Comments
Comments
Give Quiz Kudos
Give Quiz Kudos
-
- Ratings
hide this ad
More Info
Replay
Link that replays current quiz
Next Quiz
Link to next quiz in quiz playlist
You Got
0%
They Got
Avg Score
80%
Avg Friend Score
Upgrade to see
Score Distribution
Jump to the score distribution portion of the page
Score
0/25
Timer
08:00
0
Plays Today
Rank
School/University/Stadium Name
% Correct
1
Michigan Wolverines, Michigan Stadium (The Big House)
98%
11
Florida Gators, Ben Hill Griffin Stadium (The Swamp)
95.3%
6
Texas Longhorns, Darrell K. Royal-Texas Memorial Stadium
93.7%
3
Ohio State Buckeyes, Ohio Stadium
93.3%
5
Alabama Crimson Tide, Bryant-Denny Stadium
92.9%
2
Penn State Nittany Lions, Beaver Stadium
92.8%
7
University of Southern California Trojans, Los Angeles Memorial Coliseum
92.1%
4
Tennessee Volunteers, Neyland Stadium
91.2%
15
Oklahoma Sooners, Gaylord Family-Oklahoma Memorial Stadium
88.6%
10
LSU Tigers, Tiger Stadium
87.7%
9
UCLA Bruins, Rose Bowl
87.7%
8
Georgia Bulldogs, Sanford Stadium
87.4%
16
Florida State Seminoles, Doak Campbell Stadium
85.8%
Rank
School/University/Stadium Name
% Correct
12
Auburn Tigers, Jordan-Hare Stadium
84.1%
14
Texas A&M Aggies, Kyle Field
81.8%
13
Nebraska Cornhuskers, Memorial Stadium
78.7%
18
Wisconsin Badgers, Camp Randall Stadium
77.3%
19
Clemson Tigers, Memorial Stadium
73.6%
17
Notre Dame Fighting Irish, Notre Dame Stadium
73.3%
22
Michigan State Spartans, Spartan Stadium
72.8%
20
South Carolina Gamecocks, Williams-Brice Stadium
71.7%
25
Arkansas Razorbacks, Donald W. Reynolds Razorback Stadium
71%
24
Washington Huskies, Husky Stadium
70.2%
23
Arizona State Sun Devils, Sun Devil Stadium
25.2%
21
Tulane Green Wave, Louisiana Superdome
18.6%
Quiz Playlist
Details
Report
Send in Message
Add To Playlist
More Info:
As of Dec. 2009
Classic:
Type in answers that appear in a list
Last Updated: Dec 21, 2018
Quiz Scoreboard
CHALLENGE
Sign Up to Join the Scoreboard
Show All
Scores
Hide
Comments
May contain spoilers
Recently Published
Two Season TV Shows II
by 123Four
Television
10m
Image Sorting: Flags VI
by Barbecue
Geography
2m
Find the 'City' Movie
by crazypaving
Movies
60s
More to Explore
Quiz From the Vault
Featured Blog Post
14 Easter Pick-up Lines to Find Eggs With
hide this ad
You Might Also Like...
Tags
Football Quiz
NCAA Quiz
University Quiz
Capacity
school
Seating
Size
Stadiums
Today's Top Quizzes in Sports
Browse Sports
hide this ad
Today's Top Quizzes in Football
Browse Football
Top Contributed Quizzes in Sports
1
Les meilleurs buteurs des matchs entre le PSG et l’OM
2
Les entraîneurs de l'OM et du PSG au 21e siècle
3
2022 World Cup Stars
4
Les joueurs passés par le PSG et l'OM
5
Players with Multiple 50 Home Run Seasons
6
FIFA Club World Cup Champions
7
Criteria MLB: Left Handed Sluggers
8
Les joueurs passés par le LOSC et le RC Lens
9
Top 10 NHL Goal Scorers of All Time
10
MLB Players with Two .350 Batting Average Seasons
Explore More
Trending Topics
Harry Potter
Kpop
Anime
Disney
Crossword
Marvel
NBA
Soccer
Puzzle
Song
Country
NFL
WWE
The Office
Pokémon
hide this ad
More By:
pauliedoodle
Quiz
Plays
Rating
Category
Featured
Created
Dog Names
1,359
5.00
Just For Fun
Dec 18, 2009
US States with Oldest Population
998
3.10
Science
Dec 18, 2009
Largest NCAA Stadiums
966
3.33
Sports
Dec 18, 2009
Cat Names
788
4.75
Just For Fun
Dec 18, 2009
NCAA Tigers
523
2.50
Sports
Dec 18, 2009
Go to Creator's Profile
Score Distribution
Quiz Creator Spotlight
pauliedoodle
Follow
Send a Message
Quizzes Created
-
Created Quiz Play Count
-
More By This Creator
Popular Quizzes Today
1
Find the US States - No Outlines Minefield
2
Colored Red Africa Blitz
3
Find the 'City' Movie
4
5x2 Blitz: Bands
5
The Countries of the World
6
Find the Countries of Europe - No Outlines Minefield
7
Find the US States
8
US States
More Sports Quizzes
MLB RBI Leaders (Season)
Published
Trending Quizzes
Colored Red Europe Blitz I
Colored Red Africa Blitz II
Colored Red Europe Blitz II
Colored Red Africa Blitz III
Colored Red Europe Blitz III
Recently Updated
How Do You Spell That?
pecheneg
Godzilla Movies
pecheneg
Grab Bag: 4-10 Letters
pecheneg
2024 March Madness Bracket
pecheneg
Famous TV Couples
Peacemaker
Champions League XIs: Real Madrid
pecheneg
Largest US Cities 1790-2010
pecheneg
Rides in Walt Disney World
pecheneg
Most Oscar Losses (Acting)
pecheneg
Beyoncé Albums
pecheneg
Trending Topics
Disney
Marvel
NBA
Kpop
Harry Potter
Anime
Crossword
NFL
Pokémon
WWE
The Office
Country
Soccer
Song
Puzzle
Your Account Isn't Verified!
In order to create a playlist on Sporcle, you need to verify the email address you used during registration. Go to your
Sporcle Settings
to finish the process.
Report this User
Report this user for behavior that violates our
Community Guidelines
.
Details:
Send Report
Go to the Sporcle.com Mobile Site →
Comments